De schilderijen van Museum Catharijneconvent

Saved in:
Bibliographic Details
Document Type: Book
Language:Dutch
Published: Utrecht : Museum Catharijneconvent [u.a.] , 2002
Subjects:
Online Access:Rezension
Inhaltsverzeichnis
Rezension
Related Items:Rezensiert in: [Rezension von: J. Dijkstra / P.P.W.M. Dirkse / A.E.A.M. Smits, De schilderijen van Museum Catharijneconvent]
Author Notes:J. Dijkstra ...
LEADER 03883cam a2200781 c 4500
001 1601329989
003 DE-627
005 20260420182649.0
007 tu
008 021009s2002 ne ||||| c 00| ||dut c
020 |a 9040096619  |9 90-400-9661-9 
035 |a (DE-627)1601329989 
035 |a (DE-576)10101418X 
035 |a (DE-599)BSZ10101418X 
035 |a (OCoLC)237692019 
035 |a (OCoLC)237692019 
035 |a (OCoLC)614698301 
040 |a DE-627  |b ger  |c DE-627  |e rakwb 
041 |a dut 
044 |c XA-NL 
050 0 |a N7823.N4 
084 |a 9,10  |2 ssgn 
084 |a LH 39250  |2 rvk  |0 (DE-625)rvk/93324: 
084 |a 21.00  |2 bkl 
084 |a 20.21  |2 bkl 
245 0 3 |a De schilderijen van Museum Catharijneconvent  |c J. Dijkstra ... 
264 1 |a Utrecht  |b Museum Catharijneconvent [u.a.]  |c 2002 
300 |a 575 S.  |b überw. Ill. 
336 |a Text  |b txt  |2 rdacontent 
337 |a ohne Hilfsmittel zu benutzen  |b n  |2 rdamedia 
338 |a Band  |b nc  |2 rdacarrier 
500 |a Includes bibliographical references (p. 495-540) and indexes 
583 1 |a Archivierung/Langzeitarchivierung gewährleistet  |f SSG  |x XA-DE-BW  |2 pdager  |5 DE-16 
650 0 |a Christian art and symbolism  |x Catalogs  |x Netherlands 
650 0 |a Painting, Dutch  |x Catalogs 
650 0 |a Painting  |x Catalogs  |x Netherlands  |x Utrecht 
653 0 |a Rijksmuseum Het Catharijneconvent  |a Catalogs 
655 7 |a Katalog  |0 (DE-588)4163417-2  |0 (DE-627)105454966  |0 (DE-576)209880899  |2 gnd-content 
689 0 0 |d b  |0 (DE-588)1089315-5  |0 (DE-627)100633307  |0 (DE-576)191543411  |a Rijksmuseum Het Catharijneconvent  |2 gnd 
689 0 1 |d s  |0 (DE-588)4037220-0  |0 (DE-627)10623871X  |0 (DE-576)209022892  |a Malerei  |2 gnd 
689 0 |5 (DE-627) 
689 1 0 |d b  |0 (DE-588)1089315-5  |0 (DE-627)100633307  |0 (DE-576)191543411  |a Rijksmuseum Het Catharijneconvent  |2 gnd 
689 1 1 |d g  |0 (DE-588)4042203-3  |0 (DE-627)104400765  |0 (DE-576)209049030  |a Niederlande  |2 gnd 
689 1 2 |d s  |0 (DE-588)4037220-0  |0 (DE-627)10623871X  |0 (DE-576)209022892  |a Malerei  |2 gnd 
689 1 3 |d s  |0 (DE-588)4010109-5  |0 (DE-627)106359770  |0 (DE-576)20888596X  |a Christliche Kunst  |2 gnd 
689 1 |5 (DE-627) 
700 1 |a Dijkstra, Jeltje  |d 1942-  |0 (DE-588)188472819  |0 (DE-627)699397197  |0 (DE-576)135341728  |4 oth 
700 1 |a Dirkse, Paul  |d 1946-1998  |0 (DE-588)1057252050  |0 (DE-627)795149808  |0 (DE-576)413608492  |4 oth 
700 1 |a Smits, Anneloes E. A. M.  |0 (DE-588)1057401684  |0 (DE-627)795162464  |0 (DE-576)413459098  |4 oth 
710 2 |a Rijksmuseum Het Catharijneconvent  |0 (DE-588)1089315-5  |0 (DE-627)100633307  |0 (DE-576)191543411  |4 oth 
787 0 8 |i Rezensiert in  |a Lammertse, Friso, 1962 -   |t [Rezension von: J. Dijkstra / P.P.W.M. Dirkse / A.E.A.M. Smits, De schilderijen van Museum Catharijneconvent]  |d 2003  |w (DE-627)1920616691 
856 4 2 |u https://swbplus.bsz-bw.de/bsz10101418xrez.htm  |m B:DE-576;DE-16  |q application/pdf  |v 20081106090426  |x Verlag  |3 Rezension  |7 1 
856 4 2 |u https://swbplus.bsz-bw.de/bsz10101418xinh.htm  |m B:DE-576;DE-16  |q application/pdf  |v 20091203104257  |x Verlag  |3 Inhaltsverzeichnis  |7 1 
856 4 2 |u http://www.sehepunkte.de/2003/02/1304.html  |m V:DE-576;X:Sehepunkte  |q text/html  |v 20180424113608  |3 Rezension  |7 1 
889 |w (DE-627)372333486 
935 |i mdedup 
936 r v |a LH 39250  |b Utrecht  |k Kunstgeschichte  |k Allgemeines. Allgemeine Kunstgeschichte  |k Museumskunde. Museumskataloge  |k Kataloge einzelner Museen; Schrifttum über einzelne Museen  |k Orte U  |k Utrecht  |0 (DE-627)1272691004  |0 (DE-625)rvk/93324:  |0 (DE-576)202691004 
936 b k |a 21.00  |j Malerei: Allgemeines  |0 (DE-627)10640671X 
936 b k |a 20.21  |j Religion  |j Magie  |x Ikonographie  |0 (DE-627)106406353 
951 |a BO 
990 |a Rijksmuseum Het Catharijneconvent 
990 |a Malerei 
990 |a Rijksmuseum Het Catharijneconvent 
990 |a Niederlande 
990 |a Malerei 
990 |a Christliche Kunst 
991 |a Rezensiertes Werk 
999 |a KXP-PPN1601329989  |e 4955633811